101 хорошая идея как создать совершенный бизнес: в 2 ч: пер. с англ.
| その他の著者: | , |
|---|---|
| 言語: | ロシア語 |
| 出版事項: |
Москва, Стандарты и качество, 2005
|
| シリーズ: | Практический менеджмент |
| フォーマット: | MixedMaterials 図書 |
| KOHA link: | https://koha.lib.tpu.ru/cgi-bin/koha/opac-detail.pl?biblionumber=142301 |
MARC
| LEADER | 00000nam1a2200000 4500 | ||
|---|---|---|---|
| 001 | 142301 | ||
| 005 | 20231031142715.0 | ||
| 035 | |a (RuTPU)RU\TPU\book\154214 | ||
| 090 | |a 142301 | ||
| 100 | |a 20080904d2005 m y0rusy50 ca | ||
| 101 | 1 | |a rus |c eng | |
| 102 | |a RU | ||
| 200 | 1 | |a 101 хорошая идея как создать совершенный бизнес |e в 2 ч: пер. с англ. |f под ред. К. Бемовски; Б. Стрэттона | |
| 210 | |a Москва |c Стандарты и качество |d 2005 | ||
| 225 | 1 | |a Практический менеджмент | |
| 702 | 1 | |a Бемовски |b К. |g Карен |4 340 | |
| 702 | 1 | |a Стрэттон |b Б. |4 340 | |
| 801 | 1 | |a RU |b 63413507 |c 20080904 |g PSBO | |
| 942 | |c BK | ||